000 00692nam a2200181 a 4500
003 0
005 20250321101642.0
008 080925s19uu xx 00 eng d
050 _aPHS QR 82.L3
_b.Ag283 2008
100 _aAguinaldo, Leopoldo Catalino B. VI
245 _aThe Effects of temperature on the growth of lactobacillus /
_cLeopoldo Catalino B. Aguinaldo VI.
260 _aLas PiƱas City, Philippines :
_bSouthville International School and Colleges,
_c2008.
300 _a22 pages :
_bcolored illustrations ;
_c28 cm.
504 _aIncludes bibliographical references.
650 _aLactobacillus
_xEffect of temperature on.
650 _aLactobacillus
_xGrowth.
942 _2lcc
_cPASS
999 _c98136
_d98136